000 00667nam a2200229 a 4500
008
020 _a0902852590 (pbk.)
049 _aMAIN
090 _aTJ164.4
100 _aPayne, Gordon A.
245 4 _aThe energy managers' handbook /
_bGordon A. Payne.
260 _aSurrey :
_bIPC Science and Technology Press,
_cc1977
300 _a141 p. :
_bill. ;
_c21 cm.
504 _aIncludes bibliographical references.
500 _aIncludes index.
650 _aEnergy Conservation
907 _a.b10103715
_b03-01-07
_c13-12-03
003
005 20230123133548.0
040 _cNUST
942 _cBOOKS
_kTJ164.4
999 _c150741
_d150741